Proces scivilňovania služieb - zavádzanie outsourcingu v rezorte Ministerstva obrany SR

Možnosti využívania outsourcingu ako ekonomického nástroja riadenia a procesu scivilňovania služieb v rezorte obrany. Outsourcing zabezpečuje efektívnejšie využívanie zdrojov nielen v podnikateľských subjektoch, ale v poslednej dobe aj vo verejnom sektore. Tento nástroj umožňuje organizácii „odsun...

Ausführliche Beschreibung

Gespeichert in:
Bibliographische Detailangaben
1. Verfasser: Jirásková, Soňa
Format: Buchkapitel
Sprache:Slowakisch
Schlagworte:
Tags: Tag hinzufügen
Keine Tags, Fügen Sie das erste Tag hinzu!

MARC

LEADER 00000nla$a2200000$$$4500
001 0041443
005 20231106103011.1
041 0 |a slo 
044 |a SK 
245 1 0 |a Proces scivilňovania služieb - zavádzanie outsourcingu v rezorte Ministerstva obrany SR  |c Soňa Jirásková 
520 |a Možnosti využívania outsourcingu ako ekonomického nástroja riadenia a procesu scivilňovania služieb v rezorte obrany. Outsourcing zabezpečuje efektívnejšie využívanie zdrojov nielen v podnikateľských subjektoch, ale v poslednej dobe aj vo verejnom sektore. Tento nástroj umožňuje organizácii „odsunúť“ komplementárne činnosti mimo nej za účelom aktivácie vlastných zdrojov pre zabezpečenie hlavnej činnosti. Outsourcing je nástrojom zmeny organizačnej štruktúry, nástrojom na efektívnejšie využívanie zdrojov, nástrojom na zníženie rizík, nástrojom na lepšie plnenie hlavnej činnosti a znamená v podstate pokračujúcu deľbu práce. Uplatňovanie outsourcingu vo verejnom sektore predstavuje spoluprácu verejného a súkromného sektora pri zaisťovaní všeobecne prospešných služieb. 
610 2 0 |a outsourcing 
610 2 0 |a služby 
610 2 0 |a sektor verejný 
610 2 0 |a obrana štátu 
610 2 0 |a sektor súkromný 
610 2 0 |a služby verejnoprospešné 
610 2 0 |a deľba práce 
100 1 |a Jirásková, Soňa